| 000 | 00789nam a22002657a 4500 | ||
|---|---|---|---|
| 001 | 000389 | ||
| 003 | DO-SdBPM | ||
| 005 | 20250114111644.0 | ||
| 007 | 000389 | ||
| 008 | 160715b2006 pe |||| 00| 0 spa d | ||
| 020 | _a9789972233067 | ||
| 040 |
_aDO-SdBPM _bspa _cBPMSU |
||
| 082 | 4 |
_a158.1 _bA243m 2006 _222 |
|
| 100 | 1 | _aAdrianzén Herrera, Walter | |
| 245 | 1 | 0 |
_aMejore su autoestima / _cWalter Adrianzen Herrera |
| 260 |
_aLima, Perú : _bEdiciones Mirbet, _c2006. _g |
||
| 300 |
_a135 p. : _bil., retrs., ; _c21 cm. |
||
| 490 | 0 | _aCrecimiento personal | |
| 500 | _aInventariado, 2025/VM | ||
| 504 | _aBibliografía : p. 135 | ||
| 650 | 4 |
_aAutoestima _v _2 |
|
| 650 | 4 | _aAutorrealización (Psicología) | |
| 910 | _aVMateo V. Control de calidad BPMSU | ||
| 942 |
_2ddc _cBK |
||
| 999 |
_c10901 _d10901 |
||